| 000 | 00550nam a2200217 a 4500 | ||
|---|---|---|---|
| 999 |
_c8949 _d8949 |
||
| 001 | 8949 | ||
| 003 | BD-JhCC | ||
| 005 | 20180306091251.0 | ||
| 008 | 180306s1984 n a|||| || | 001 0 eng d | ||
| 035 | _a(BD-JhCC)8949 | ||
| 040 |
_aBD-JhCC _dBD-JhCC |
||
| 041 | _aeng | ||
| 082 |
_a621.381 _bMAL 1984 |
||
| 100 | _aMalvino, Albert Paul | ||
| 245 |
_aElectronic Principles / _cAlbert Paul Malvino, |
||
| 260 |
_aNew York : _bMcGraw-Hill, Inc. _c1984 |
||
| 300 |
_a754 p. : _c24 cm. |
||
| 650 | _aElectrinics | ||
| 942 |
_2ddc _cBK |
||